Billboard Hot 100 #1 Hits of 1991 - Statistics

General Stats
  • This quiz has been taken 7 times
  • The average score is 16 of 52
Answer Stats
Issue Date #1 Hit Artist % Correct
February 9 Gonna Make You Sweat (Everybody Dance Now) C+C Music Factory ft. Freedom Williams
71%
February 16 Gonna Make You Sweat (Everybody Dance Now) C+C Music Factory ft. Freedom Williams
71%
April 27 Baby Baby Amy Grant
57%
May 4 Baby Baby Amy Grant
57%
July 27 (Everything I Do) I Do It for You Bryan Adams
57%
August 3 (Everything I Do) I Do It for You Bryan Adams
57%
August 10 (Everything I Do) I Do It for You Bryan Adams
57%
August 17 (Everything I Do) I Do It for You Bryan Adams
57%
August 24 (Everything I Do) I Do It for You Bryan Adams
57%
August 31 (Everything I Do) I Do It for You Bryan Adams
57%
September 7 (Everything I Do) I Do It for You Bryan Adams
57%
July 20 Unbelievable EMF
57%
November 9 Cream Prince & the New Power Generation
43%
November 16 Cream Prince & the New Power Generation
43%
October 5 Good Vibrations Marky Mark and the Funky Bunch ft. Loleatta Holloway
43%
April 13 I've Been Thinking About You Londonbeat
43%
June 8 More Than Words Extreme
43%
October 12 Emotions Mariah Carey
29%
October 19 Emotions Mariah Carey
29%
October 26 Emotions Mariah Carey
29%
September 21 I Adore Mi Amor Color Me Badd
29%
September 28 I Adore Mi Amor Color Me Badd
29%
November 2 Romantic Karyn White
29%
June 15 Rush Rush Paula Abdul
29%
June 22 Rush Rush Paula Abdul
29%
June 29 Rush Rush Paula Abdul
29%
July 6 Rush Rush Paula Abdul
29%
July 13 Rush Rush Paula Abdul
29%
November 30 Set Adrift On Memory Bliss P.M. Dawn
29%
March 9 Someday Mariah Carey
29%
March 16 Someday Mariah Carey
29%
September 14 The Promise of a New Day Paula Abdul
29%
December 7 Black or White Michael Jackson
14%
December 14 Black or White Michael Jackson
14%
December 21 Black or White Michael Jackson
14%
December 28 Black or White Michael Jackson
14%
March 30 Coming Out of the Dark Gloria Estefan
14%
April 6 Coming Out of the Dark Gloria Estefan
14%
May 25 I Don't Wanna Cry Mariah Carey
14%
June 1 I Don't Wanna Cry Mariah Carey
14%
May 18 I Like The Way (The Kissing Game) Hi-Five
14%
May 11 Joyride Roxette
14%
January 5 Justify My Love Madonna
14%
January 12 Justify My Love Madonna
14%
March 23 One More Try Timmy T
14%
January 26 The First Time Surface
14%
February 2 The First Time Surface
14%
November 23 When a Man Loves a Woman Michael Bolton
14%
April 20 You're in Love Wilson Phillips
14%
February 23 All the Man That I Need Whitney Houston
0%
March 2 All the Man That I Need Whitney Houston
0%
January 19 Love Will Never Do (Without You) Janet Jackson
0%
No matching quizzes found
Score Distribution
Percent of People with Each Score
Percentile by Number Answered
Your Score History
You have not taken this quiz